Searching for peace : (Record no. 330082)

000 -LEADER
fixed length control field 01937cam a22003614a 4500
001 - CONTROL NUMBER
control field 12676953
003 - CONTROL NUMBER IDENTIFIER
control field NUST
005 - DATE AND TIME OF LATEST TRANSACTION
control field 20170608093133.0
008 - FIXED-LENGTH DATA ELEMENTS--GENERAL INFORMATION
fixed length control field 020212s2002 enk b 001 0 eng
010 ## - LIBRARY OF CONGRESS CONTROL NUMBER
LC control number 2002002244
020 ## - INTERNATIONAL STANDARD BOOK NUMBER
International Standard Book Number 0745319297 (hardback)
020 ## - INTERNATIONAL STANDARD BOOK NUMBER
International Standard Book Number 0745319289 (pbk.)
040 ## - CATALOGING SOURCE
Original cataloging agency DLC
Transcribing agency DLC
Modifying agency DLC
042 ## - AUTHENTICATION CODE
Authentication code pcc
050 00 - LIBRARY OF CONGRESS CALL NUMBER
Classification number JZ5538
Item number .G35 2002
082 00 - DEWEY DECIMAL CLASSIFICATION NUMBER
Classification number 327.172
Edition number 21
Author Mark GAL 2002
100 1# - MAIN ENTRY--PERSONAL NAME
Personal name Galtung, Johan.
9 (RLIN) 2177
245 10 - TITLE STATEMENT
Title Searching for peace :
Remainder of title the road to Transcend /
Statement of responsibility, etc. Johan Galtung, Carl G. Jacobsen, and Kai Frithjof Brand-Jacobsen.
250 ## - EDITION STATEMENT
Edition statement 2nd ed.
260 ## - PUBLICATION, DISTRIBUTION, ETC.
Place of publication, distribution, etc. London ;
-- Sterling, VA :
Name of publisher, distributor, etc. Pluto Press,
Date of publication, distribution, etc. 2002.
300 ## - PHYSICAL DESCRIPTION
Extent xxiii, 338 p. ;
Dimensions 23 cm.
440 #0 - SERIES STATEMENT/ADDED ENTRY--TITLE
Title Peace by peaceful means
9 (RLIN) 2178
500 ## - GENERAL NOTE
General note "In association with Transcend."
504 ## - BIBLIOGRAPHY, ETC. NOTE
Bibliography, etc. note Includes bibliographical references and index.
505 0# - FORMATTED CONTENTS NOTE
Formatted contents note Conflict, war, and peace : a bird's eye view -- Peace : the goal and the way -- Peacemaking as realpolitik, conflict resolution, and oxymoron -- Beyond mediation : towards more holistic approaches to peace-building and peace actor empowerment -- 11 September 2001 : diagnosis, prognosis, therapy -- Our war culture's defining parameters -- The state/nation dialectic -- Beyond security : new approaches, new perspectives, new actors -- Crafting peace : on the psychology of the Transcend approach -- Transcend : 45 years, 45 conflicts -- Conflicts : 45 perspectives.
650 #0 - SUBJECT ADDED ENTRY--TOPICAL TERM
Topical term or geographic name entry element Peace.
9 (RLIN) 2018
650 #0 - SUBJECT ADDED ENTRY--TOPICAL TERM
Topical term or geographic name entry element Conflict management.
9 (RLIN) 1884
650 #0 - SUBJECT ADDED ENTRY--TOPICAL TERM
Topical term or geographic name entry element War
Form subdivision Case studies.
9 (RLIN) 2179
700 1# - ADDED ENTRY--PERSONAL NAME
Personal name Jacobsen, C. G.
Fuller form of name (Carl G.)
9 (RLIN) 2180
700 1# - ADDED ENTRY--PERSONAL NAME
Personal name Brand-Jacobsen, Kai Frithjof.
9 (RLIN) 2181
906 ## - LOCAL DATA ELEMENT F, LDF (RLIN)
a 7
b cbc
c orignew
d 1
e ecip
f 20
g y-gencatlg
942 ## - ADDED ENTRY ELEMENTS (KOHA)
Source of classification or shelving scheme
Koha item type Book
Holdings
Withdrawn status Lost status Source of classification or shelving scheme Damaged status Not for loan Collection code Permanent Location Current Location Shelving location Date acquired Total Checkouts Full call number Barcode Date last seen Price effective from Koha item type
            Centre for International Peace & Stability (CIPS) Centre for International Peace & Stability (CIPS) General Stacks 06/07/2017   327.172 GAL 2002 CIPS0002874 06/08/2017 06/08/2017 Book
© 2023 Central Library, National University of Sciences and Technology. All Rights Reserved.